অর্থনৈতিক উত্তরনের পন্হা / (Record no. 47337)
[ view plain ]
| 000 -LEADER | |
|---|---|
| fixed length control field | 00954nam a2200229 a 4500 |
| 001 - CONTROL NUMBER | |
| control field | 47337 |
| 003 - CONTROL NUMBER IDENTIFIER | |
| rucl marc code | BD-RjUL |
| 005 - DATE AND TIME OF LATEST TRANSACTION | |
| control field | 20211209054310.0 |
| 008 - FIXED-LENGTH DATA ELEMENTS--GENERAL INFORMATION | |
| fixed length control field | 160808s1978 B ||||| ||b| 00| 0 ben d |
| 035 ## - SYSTEM CONTROL NUMBER | |
| System control number | (BD-RjUL)47456 |
| 040 ## - CATALOGING SOURCE | |
| Original cataloging agency | BD-RjUL |
| Language of cataloging | ben |
| Transcribing agency | BD-RjUL |
| 041 ## - LANGUAGE CODE | |
| Language code of text/sound track or separate title | ben |
| 082 ## - DEWEY DECIMAL CLASSIFICATION NUMBER | |
| Edition number | 23 |
| Classification number | 338.9 |
| Author mark and year | HIA 1978 |
| 100 1# - MAIN ENTRY--PERSONAL NAME | |
| Personal name | হার্শম্যান, আলবার্ট |
| 9 (RLIN) | 144054 |
| 245 01 - TITLE STATEMENT | |
| Title | অর্থনৈতিক উত্তরনের পন্হা / |
| Statement of responsibility, etc. | এ.টি .এম জহুরুল হক (অনুবাদক) |
| 260 ## - PUBLICATION, DISTRIBUTION, ETC. (IMPRINT) | |
| Place of publication, distribution, etc. | ঢাকা : |
| Name of publisher, distributor, etc. | খোশরোজ কিতাব মহল, |
| Date of publication, distribution, etc. | ১৯৭৮ |
| 300 ## - PHYSICAL DESCRIPTION | |
| Pagination | [৫], ২৫২ পৃ. : |
| Illustrations | চিত্র ; |
| Size | ১৯ সেমি. |
| 650 ## - SUBJECT ADDED ENTRY--TOPICAL TERM | |
| Topical term or geographic name as entry element | অর্থনৈতিক উন্নয়ন |
| 9 (RLIN) | 144055 |
| Topical term or geographic name as entry element | Economic development |
| 9 (RLIN) | 144056 |
| 700 ## - ADDED ENTRY--PERSONAL NAME | |
| Personal name | হক, এ.টি .এম জহুরুল (অনুবাদক) |
| 942 ## - ADDED ENTRY ELEMENTS (KOHA) | |
| Source of classification or shelving scheme | Dewey Decimal Classification |
| Koha item type | Books |
| Lost status | Source of classification or shelving scheme | Damaged status | Not for loan | Collection code | Permanent Location | Current Location | Shelving location | Date acquired | Source of acquisition | Cost, normal purchase price | Total Checkouts | Full call number | Date last seen | Copy number | Koha item type |
|---|---|---|---|---|---|---|---|---|---|---|---|---|---|---|---|
| Dewey Decimal Classification | Not For Loan | Non-fiction | Central Library, University of Rajshahi | Central Library, University of Rajshahi | Reading Room | 10/02/1983 | American cul. socity | 0.00 | B 338.9 HIA 1978 | 08/08/2016 | C-1 | Books | |||
| Dewey Decimal Classification | Non-fiction | Central Library, University of Rajshahi | Central Library, University of Rajshahi | 10/02/1983 | American cul. socity | 0.00 | B 338.9 HIA 1978 | 08/08/2016 | C-2 | Books | |||||
| Dewey Decimal Classification | Non-fiction | Central Library, University of Rajshahi | Central Library, University of Rajshahi | 10/02/1983 | American cul. socity | 0.00 | B 338.9 HIA 1978 | 08/08/2016 | C-3 | Books | |||||
| Dewey Decimal Classification | Non-fiction | Central Library, University of Rajshahi | Central Library, University of Rajshahi | 10/02/1983 | American cul. socity | 0.00 | B 338.9 HIA 1978 | 08/08/2016 | C-4 | Books | |||||
| Dewey Decimal Classification | Non-fiction | Central Library, University of Rajshahi | Central Library, University of Rajshahi | 10/02/1983 | American cul. socity | 0.00 | B 338.9 HIA 1978 | 08/08/2016 | C-5 | Books | |||||
| Dewey Decimal Classification | Non-fiction | Central Library, University of Rajshahi | Central Library, University of Rajshahi | 10/02/1983 | American cul. socity | 0.00 | B 338.9 HIA 1978 | 08/08/2016 | C-6 | Books | |||||
| Dewey Decimal Classification | Non-fiction | Central Library, University of Rajshahi | Central Library, University of Rajshahi | 10/02/1983 | American cul. socity | 0.00 | B 338.9 HIA 1978 | 08/08/2016 | C-7 | Books | |||||
| Dewey Decimal Classification | Non-fiction | Central Library, University of Rajshahi | Central Library, University of Rajshahi | 10/02/1983 | American cul. socity | 0.00 | B 338.9 HIA 1978 | 08/08/2016 | C-8 | Books | |||||
| Dewey Decimal Classification | Non-fiction | Central Library, University of Rajshahi | Central Library, University of Rajshahi | 10/02/1983 | American cul. socity | 0.00 | B 338.9 HIA 1978 | 08/08/2016 | C-9 | Books | |||||
| Dewey Decimal Classification | Non-fiction | Central Library, University of Rajshahi | Central Library, University of Rajshahi | 10/02/1983 | American cultural society, Dhaka.gift | B 338.9 HIA 1978 | 27/10/2016 | C-10 | Books |